|
|
|
|
| LEADER |
03102nam a2200421 a 4500 |
| 001 |
12835 |
| 003 |
BD-DhAAL |
| 008 |
091102s2001 bg a bs 000 0 eng d |
| 999 |
|
|
|c 7821
|d 7821
|
| 010 |
|
|
|a \\2001417094
|
| 020 |
|
|
|a 9840515888
|
| 020 |
|
|
|a 9840515896
|
| 020 |
|
|
|a 9789840515899
|
| 040 |
|
|
|a BD-DhAAL
|c BD-DhAAL
|
| 082 |
0 |
0 |
|a 330.9549205
|2 21
|
| 245 |
0 |
0 |
|a Changes and challenges :
|b a review of Bangladesh's development 2000 /
|c team leader and editor, Rehman Sobhan.
|
| 260 |
|
|
|a Dhaka :
|b Centre for Policy Dialogue :
|b University Press,
|c 2001.
|
| 300 |
|
|
|a xxii, 334 pages :
|b illustrations ;
|c 24 cm.
|
| 500 |
|
|
|a Includes statistical tables.
|
| 504 |
|
|
|a Includes bibliographical references (pages 138-139).
|
| 505 |
1 |
|
|a Bangladesh economy in FY 2000 : macro economic outlook / Debapriya Bhattacharya -- Performance of the external sector in FY2000 : growth dynamics and emergent concerns / Mustafizur Rahman -- Recent development and structural changes in Bangladesh agriculture : issues for reviewing strategies and policies / Mahabub Hossain -- The state of governance in Bangladesh / Rehman Sobhan -- Rethinking anti-poverty / Binayak Sen -- Development of gas sector in Bangladesh : status, policy options and challenges / Azim Uddin Ahmed -- Power sector restructuring in Bangladesh / Nuruddin Mahmud Kamal.
|
| 520 |
|
|
|a With reference to Bangladesh.
|
| 526 |
|
|
|a BIED
|
| 541 |
1 |
|
|a Complimentary copy from BIED, Donated By Akbar Ali Khan
|e 12835, 38724
|
| 650 |
|
0 |
|a Bangladesh
|x Economic conditions.
|9 35619
|
| 650 |
|
0 |
|a Bangladesh
|x Economic policy
|x Econometric models.
|9 35620
|
| 650 |
|
0 |
|a Economics.
|9 49051
|
| 700 |
1 |
|
|a Sobhan, Rehman.
|9 35621
|
| 710 |
2 |
|
|a Centre for Policy Dialogue (Bangladesh)
|9 35622
|
| 852 |
4 |
|
|a Ayesha Abed Library
|c General Stacks
|
| 942 |
|
|
|2 ddc
|c BK
|
| 952 |
|
|
|0 0
|1 0
|2 ddc
|4 0
|6 330_954920500000000_CHA
|7 0
|9 8723
|a BRACUL
|b BRACUL
|c GEN
|d 2010-03-21
|l 0
|o 330.9549205 CHA
|p 3010012835
|r 2010-03-21
|t 1
|w 2010-03-21
|y BK
|x Price not available in Register
|
| 952 |
|
|
|0 0
|1 0
|2 ddc
|4 0
|6 330_954920500000000_CHA_2001
|7 0
|9 8725
|a BRACUL
|b BRACUL
|c GEN
|d 2010-03-21
|l 0
|o 330.9549205 CHA
|p 3010010133
|r 2010-03-21
|t 2
|w 2010-03-21
|y BK
|
| 952 |
|
|
|0 0
|1 0
|2 ddc
|4 0
|6 330_900000000000000_549_205_CHA
|7 0
|9 19126
|a JPGSPH
|b JPGSPH
|c GEN
|d 2012-01-12
|e MPH
|g 390.00
|l 0
|o 330.9549205 CHA
|p 3060024244
|r 2012-01-12
|t 3
|w 2012-01-12
|y BK
|
| 952 |
|
|
|0 0
|1 0
|2 ddc
|4 0
|6 330_900000000000000_549_205_CHA
|7 0
|9 43512
|a SCL
|b SCL
|c GEN
|d 2014-08-30
|g 405.00
|l 0
|o 330.9549205 CHA
|p 3020007649
|r 2014-08-30
|t 4
|w 2014-08-30
|y BK
|
| 952 |
|
|
|0 0
|1 0
|2 ddc
|4 0
|6 330_900000000000000_549_205_CHA
|7 0
|9 43513
|a SCL
|b SCL
|c GEN
|d 2005-02-13
|g 390.00
|l 0
|o 330.9549205 CHA
|p 3020005183
|r 2014-08-30
|t 5
|w 2014-08-30
|y BK
|
| 952 |
|
|
|0 0
|1 0
|2 ddc
|4 0
|6 330_954920500000000_CHA
|7 0
|9 66572
|a BRACUL
|b BRACUL
|c GEN
|d 2019-09-30
|e Complimentary copy from BIED
|l 0
|o 330.9549205 CHA
|p 3010035826
|r 2019-09-30
|t 6
|w 2019-09-30
|y BK
|x Transferred from BIED to General Stacks
|
| 952 |
|
|
|0 0
|1 0
|2 ddc
|4 0
|6 330_954920500000000_CHA
|7 1
|9 70834
|a BRACUL
|b BRACUL
|c CS1
|d 2022-06-07
|e Donated by Akbar Ali Khan
|l 0
|o 330.9549205 CHA
|p 3010038724
|r 2022-06-07
|t 7
|w 2022-06-07
|y BK
|